Statistics for Χώρες που αρχίζουν από Ν

Click here to take the quiz!

General Stats

  • This quiz has been taken 794 times
  • The average score is 8 of 14

Answer Stats

Απάντηση% Correct
Νορβηγία
80%
Νιγηρία
75%
Νεπάλ
73%
Νότια Κορέα
71%
Νικαράγουα
69%
Νότια Αφρική
66%
Νίγηρας
63%
Νέα Ζηλανδία
62%
Ναμίμπια
52%
Ναουρού
46%
Νότιο Σουδάν
45%
Νήσοι Μάρσαλ
28%
Νήσοι Σολομώντος
19%
Ντομίνικα
11%

Score Distribution

Percentile by Number Answered

Percent of People with Each Score

Your Score History

You have not taken this quiz